SAT Words HARD Click Quiz - D - Statistics

General Stats
  • This quiz has been taken 465 times
  • The average score is 11 of 15
Answer Stats
Hint Answer % Correct
Decayed or declined from old age Decrepit
93%
Depart from the current subject Digress
90%
Having two distinct forms Dimorphic
86%
Dress or groom in a showy manner Dandify
85%
Communication with hands; finger spelling Dactylology
84%
Comical in a wry or witty way Droll
79%
Pleasing to the ear or taste Dulcet
77%
A group of two Dyad
74%
Confuse or embarrass Discomfit
72%
Distracted, absent-minded Distrait
69%
Charges incurred for the detainment of goods Demurrage
65%
Waste, impurity Dross
59%
Wildly passionate and frenzied song or poem Dithyramb
56%
Colour that is dull or drab Dun
54%
Prehistoric monument made of large stone slabs Dolmen
48%
No matching quizzes found
Score Distribution
Percent of People with Each Score
Percentile by Number Answered
Your Score History
You have not taken this quiz